[Event "GBR-ch Major op 109th"]
[Site "Leicester"]
[Date "2023.07.23"]
[Round "2"]
[White "Isik, Muhammed Oguz"]
[Black "Verma, Shlok"]
[Result "0-1"]
[WhiteElo "1701"]
[BlackElo "2000"]
[PlyCount "132"]
[EventDate "2023.07.22"]
[EventType "swiss"]
[EventRounds "9"]
[EventCountry "ENG"]
[SourceTitle "EXT 2024"]
[Source "ChessBase"]
[SourceDate "2023.10.10"]
[SourceVersion "1"]
[SourceVersionDate "2023.10.10"]
[SourceQuality "1"]

1. d4 d5 2. c4 dxc4 3. e3 Nf6 4. Bxc4 e6 5. Nf3 a6 6. 0-0 b5 7. Bd3 Bb7 8. a4 b4 9. Nbd2 Nbd7 10. a5 Be7 11. Qe2 0-0 12. Nc4 c5 13. Rd1 Qc7 14. b3 Rfd8 15. Bb2 Qb8 16. Rac1 Qa7 17. Nce5 Rac8 18. Ng5 Bd5 19. Bxa6 Bxb3 20. Bxc8 Bxd1 21. Rxd1 Rxc8 22. dxc5 Nxe5 23. Bxe5 Qxc5 24. Qa6 Rd8 25. Rxd8+ Bxd8 26. Bxf6 gxf6 27. Ne4 Qxa5 28. Qxa5 Bxa5 29. Nd2 Bc7 30. Kf1 Kf8 31. Ke2 Ke7 32. Kd3 Be5 33. h3 f5 34. Kc4 Bc3 35. Nf3 Kf6 36. Nd4 Ke5 37. Ne2 Be1 38. f3 Kf6 39. Nf4 Kg5 40. Ne2 Kh4 41. e4 fxe4 42. fxe4 Kg5 43. Nc1 Bd2 44. Ne2 Kf6 45. Kd3 Bc3 46. Ng1 Ke5 47. g3 Kf6 48. Nf3 Ke7 49. g4 f6 50. Kc4 Kf7 51. Kd3 Kg6 52. Kc4 h6 53. Kd3 Kf7 54. Kc4 Ke7 55. Kd3 Kd6 56. Kc4 Kc6 57. h4 Kd6 58. g5 fxg5 59. e5+ Bxe5 60. hxg5 hxg5 61. Nxg5 Bc3 62. Nf7+ Ke7 63. Ng5 Kf6 64. Nf3 Kf5 65. Kd3 e5 66. Ke3 b3 0-1

[Event "GBR-ch Major op 109th"]
[Site "Leicester"]
[Date "2023.07.22"]
[Round "1"]
[White "Isik, Muhammed Oguz"]
[Black "Green, Michael"]
[Result "1-0"]
[WhiteElo "1701"]
[BlackElo "1923"]
[PlyCount "71"]
[EventDate "2023.07.22"]
[EventType "swiss"]
[EventRounds "9"]
[EventCountry "ENG"]
[SourceTitle "EXT 2024"]
[Source "ChessBase"]
[SourceDate "2023.10.10"]
[SourceVersion "1"]
[SourceVersionDate "2023.10.10"]
[SourceQuality "1"]

1. e4 g6 2. d4 Bg7 3. Nc3 c6 4. Be3 d5 5. f3 dxe4 6. fxe4 Qb6 7. Na4 Qa5+ 8. c3 e5 9. b4 Qc7 10. Nf3 Nd7 11. Bd3 Ngf6 12. 0-0 0-0 13. Bg5 exd4 14. cxd4 Ng4 15. g3 b5 16. Nc5 Nxc5 17. bxc5 Be6 18. Bf4 Qd7 19. e5 Rfd8 20. Qe2 Bh6 21. Bxh6 Nxh6 22. Rad1 Nf5 23. Bxf5 Bxf5 24. Qe3 Kg7 25. Ng5 Rf8 26. Ne4 Bxe4 27. Qxe4 Rae8 28. d5 cxd5 29. Rxd5 Qc6 30. Qd4 Re6 31. Rd6 Qc8 32. Rf6 Rfe8 33. Rfxe6 Rxe6 34. c6 Re8 35. e6+ Kf8 36. Rd7 1-0

[Event "Newcastle Northumbria Masters"]
[Site "Newcastle on Tyne"]
[Date "2022.08.28"]
[Round "4"]
[White "Isik, Muhammed Oguz"]
[Black "Bansal, Saahil"]
[Result "0-1"]
[WhiteElo "1597"]
[BlackElo "1940"]
[PlyCount "110"]
[EventDate "2022.08.26"]
[EventType "swiss"]
[EventRounds "9"]
[EventCountry "ENG"]
[SourceTitle "CBM 210 Extra"]
[Source "ChessBase"]
[SourceDate "2022.11.30"]
[SourceVersion "1"]
[SourceVersionDate "2022.11.30"]
[SourceQuality "1"]

1. e4 e6 2. Qe2 Nf6 3. Nc3 d5 4. exd5 Nxd5 5. Nf3 Nxc3 6. dxc3 b6 7. Bd2 Bb7 8. 0-0-0 Nd7 9. Ne5 Bd6 10. Nc4 Qe7 11. Nxd6+ cxd6 12. Qg4 Qf6 13. Bc4 d5 14. Bb5 0-0-0 15. Bg5 Qg6 16. Bd3 f5 17. Qf4 Rdf8 18. g4 Nc5 19. Be7 Nxd3+ 20. Rxd3 Rf7 21. gxf5 Qxf5 22. Qxf5 Rxf5 23. Bh4 g5 24. Bg3 h5 25. h4 g4 26. Re1 Re8 27. c4 dxc4 28. Rd6 Bd5 29. b3 Rd8 30. Rxd8+ Kxd8 31. Rd1 Ke7 32. Kb2 Rf3 33. c3 Kf6 34. Rd4 b5 35. Rd2 Kf5 36. Re2 a6 37. b4 Be4 38. a3 Rd3 39. Bh2 Rd5 40. Bg3 Bf3 41. Rc2 Bd1 42. Rc1 Rd2+ 43. Kb1 Ke4 44. Ka1 Kf3 45. Rb1 Ke2 46. Bf4 Rd3 47. Rb2+ Kf3 48. Be5 Be2 49. Bd4 e5 50. Bxe5 Kxf2 51. Bd4+ Rxd4 52. cxd4 g3 53. d5 g2 54. Rb1 g1Q 55. Rxg1 Kxg1 0-1

[Event "Leamington Spa 4NCL op-B 28th"]
[Site "Leamington Spa"]
[Date "2022.07.09"]
[Round "2"]
[White "Jacob, Sydney J"]
[Black "Isik, Muhammed Oguz"]
[Result "0-1"]
[WhiteElo "1899"]
[BlackElo "1547"]
[PlyCount "74"]
[EventDate "2022.07.08"]
[EventType "swiss"]
[EventRounds "5"]
[EventCountry "ENG"]
[SourceTitle "CBM 209 Extra"]
[Source "ChessBase"]
[SourceDate "2022.09.30"]
[SourceVersion "1"]
[SourceVersionDate "2022.09.30"]
[SourceQuality "1"]

1. e4 e5 2. Nf3 d6 3. Bc4 Be7 4. 0-0 Nf6 5. d3 h6 6. Nbd2 0-0 7. Re1 Re8 8. c3 Bf8 9. Nf1 c6 10. Ng3 Bd7 11. Qb3 Re7 12. Qxb7 Bg4 13. Qb3 Bxf3 14. gxf3 d5 15. Nf5 Re6 16. Qb7 dxc4 17. Qxa8 Qc7 18. Be3 c5 19. b4 Nbd7 20. bxc5 Re8 21. Qxe8 Nxe8 22. dxc4 Nxc5 23. Rad1 Na4 24. Rd3 Nb2 25. Rd5 Nxc4 26. Red1 Nf6 27. Rd8 Nxe3 28. fxe3 g6 29. Nxh6+ Kg7 30. Ng4 Nxg4 31. fxg4 Qxc3 32. R1d3 Qe1+ 33. Kg2 Qe2+ 34. Kg3 Be7 35. R8d7 Bh4+ 36. Kh3 Qf3+ 37. Kxh4 g5+ 0-1